000 00654nam a2200205Ia 4500
001 17700
003 GE_BSU
008 181216s||||||||xx |||||||||||||| ||und||
040 _cGE_BSU
080 _a628.517+699(035)
100 _aЮдин,Е.Я. Никольский,В.Н. Рассадина,И.Д. и др.
245 _aСправочник проектировщика. Защита от шума.
245 _cПод ред. Е.Я.Юдина.
260 _aМ.
260 _bСтройиздат.
260 _c1974.
300 _a134 стр. с илл. 26 см.
653 _aСправочник проектировщика.
942 _cBK
999 _c50748
_d50748